Statistics for Word Puzzles - Household Appliances

Click here to take the quiz!

General Stats

  • This quiz has been taken 56 times
    (41 since last reset)
  • The average score is 26 of 41

Answer Stats

HintAnswer% Correct
The opposite of peace.War
94%
How you would address someone who has been given a knighthood.Sir
92%
If you ask a magician nicely, they could show you one of these.Trick
92%
Someone who follows Judaism.Jew
89%
Those things on the end of your feet.Toes
89%
(Household appliance)Toaster
86%
Choose someone to hold public office by voting.Elect
83%
(Household appliance)Juicer
83%
The lower part of your leg.Shin
83%
A way of preparing potatoes (you might have with sausages).Mash
81%
The opposite of lessMore
81%
What you can do with a spoon when you're cooking.Stir
81%
(Household appliance)Washing machine
75%
The opposite of none.All
72%
When you're quite fat, you have several of these under your face.Chins
72%
Most species of cephalopod (squid, octopuses) can release this dark liquid to evade attackInk
72%
A soft gloss on a surface.Sheen
72%
Abbreviation for the drug ketamine.Ket
69%
A sweet brown fizzy drink.Cola
67%
What you shout when you realise an arsonist has been at work.Fire!!
67%
(Household appliance)Electric kettle
64%
A colour or shade.Hue
64%
Something garish or sentimental, in poor taste (but appreciated ironically).Kitsch
61%
What everyone seems to have permanently stuck to their hand, that they can't take their eyes off.Phone
61%
(Household appliance)Kitchen sink
58%
The liquid remaining after milk has been curdled and strained.Whey
58%
Abbreviation for a device that converts your voice (or any sound) into an electric signal.Mike / Mic
56%
A payment to someone in return for their services.Fee
50%
A vehicle used for transporting goods or people. They often have a short hood/bonnet.Van
50%
The mass of one cubic centimeter of water.Gram
47%
A way of connecting assorted electrical musical instruments and computers to play, edit and record music. Or, a medium length skirt (as opposed to a mini or a maxi).MIDI
47%
Dreadful joke: I've decided to sell this household appliance. It was just collecting dust.Vacuum cleaner
47%
(Household appliance)Humidifier
44%
A nice extra you get as part of your job (eg. free paperclips or a fancy car).Perk
44%
They had hits in the 90s with 'Bittersweet Symphony' and 'The Drugs Don't Work'.Verve
44%
A species of corvid. Apparently they're known for flying directly from A to B.Crow
42%
(Antiquated household appliance)Gramophone
42%
(Household appliance)Microwave oven
42%
To expel air from the lungs sharply, with a sudden sound.Cough
39%
A high craggy hill, for example at Glastonbury, or on Dartmoor.Tor
39%
(Household appliance)Coffee percolator
36%

Score Distribution

Percentile by Number Answered

Percent of People with Each Score

Your Score History

You have not taken this quiz since the last reset